000
00368nam a2200133Ia 4500
008
100328s9999 xx 000 0 und d
082
_b
21148
100
_a
बाबर सरोजिनी
245
_a
कमळाचं जाळं
260
_b
---
630
_a
कमळाचं जाळं
730
_a
कमळाचं जाळं
942
_c
BOOK
999
_c
515188
_d
515185